JCT 2005 (Record no. 110780)

MARC details
000 -LEADER
fixed length control field 02829cam a22002415a 4500
001 - CONTROL NUMBER
control field L150182
008 - FIXED-LENGTH DATA ELEMENTS--GENERAL INFORMATION
fixed length control field 100610s2009 xxk f 000 0 eng d
020 ## - INTERNATIONAL STANDARD BOOK NUMBER
International Standard Book Number 9780080949581
035 ## - SYSTEM CONTROL NUMBER
System control number (Sirsi) u150182
041 0# - LANGUAGE CODE
Language code of text/sound track or separate title eng
100 1# - MAIN ENTRY--PERSONAL NAME
Personal name Griffiths, Phil
245 00 - TITLE STATEMENT
Title JCT 2005
Remainder of title clause by clause
Medium [electronic resource]
260 ## - PUBLICATION, DISTRIBUTION, ETC.
Name of publisher, distributor, etc. Butterworth Heinemann
Date of publication, distribution, etc. 2009
300 ## - PHYSICAL DESCRIPTION
Extent eBook
505 2# - FORMATTED CONTENTS NOTE
Formatted contents note Part 1 Contract Documentation -- Minor Works Building Contract -- Intermediate Building Contract -- Design and Build Contract -- Management Building Contract -- Constructing Excellence -- Prime Cost Building Contract -- Measured Term Contract -- Major Project Construction Contract -- Part 2 An Analysis of the SBC/Q -- Articles of Agreement -- Conditions -- Section 1 Definitions and Interpretation -- Section 2 Carrying out the Works -- Section 3 Control of the Works -- Section 4 Payment -- Section 5 Variations -- Section 6 Injury, Damage and Insurance -- Section 7 Assignment, Third Party Rights and Collateral Warranties -- Section 8 Termination -- Section 9 Settlement of Disputes -- Schedules -- Schedule 1 Contractor's Design Submission Procedure -- Schedule 2 Quotation -- Schedule 3 Insurance Options -- Schedule 4 Code of Practice -- Schedule 5 Third Party Rights -- Schedule 6 Forms of Bonds -- Schedule 7 Fluctuations Options -- Part 3 Legal Issues
520 ## - SUMMARY, ETC.
Summary, etc. This work uses a novel clause-by-clause approach to explain the important JCT 2005 contract. It explains the meaning and relevance of each clause to avoid common misunderstandings. It includes up-to-date legal cases that explain the development and interpretation of the contract. The Joint Contracts Tribunal's suite of contracts (commonly known as JCT 2005) are the most commonly used in the UK to procure major building work. Understanding the contracts, and which to use, is vital knowledge for all students on construction-related HND or degree courses, but these clauses can contain convoluted language, leading to confusion. This guide takes the reader through the JCT 2005 building contracts clause by clause, in an easy-to-follow format, in simple but effective language that eliminates misinterpretation. Spilt into 3 sections, this book provides a summary of the current JCT Contracts, identifying which to use for what type of work, along with an analysis of their risk, liability, documentation, design responsibility and financial procedures, ensuring that "JCT 2005 Building Contract: Clause by Clause" is the vital, definitive reference for the aspiring construction professional.
590 ## - LOCAL NOTE (RLIN)
Local note ka ntk
650 24 - SUBJECT ADDED ENTRY--TOPICAL TERM
Topical term or geographic name entry element EBOOK
651 #4 - SUBJECT ADDED ENTRY--GEOGRAPHIC NAME
Geographic name International
690 ## - LOCAL SUBJECT ADDED ENTRY--TOPICAL TERM (OCLC, RLIN)
Topical term or geographic name as entry element BUILT ENVIRONMENT-BUILDING CONTRACT FORMS
856 48 - ELECTRONIC LOCATION AND ACCESS
Uniform Resource Identifier <a href="https://www.vlebooks.com/">https://www.vlebooks.com/</a>
Public note View on VLEbooks. Logins for members only from [email protected]
942 ## - ADDED ENTRY ELEMENTS (KOHA)
Suppress in OPAC 0
Holdings
Withdrawn status Lost status Source of classification or shelving scheme Damaged status Not for loan Home library Current library Shelving location Date acquired Cost, normal purchase price Total Checkouts Full call number Barcode Date last seen Copy number Cost, replacement price Price effective from Koha item type
    Dewey Decimal Classification     Virtual Virtual Online 24/09/2010 40.76   EBOOK 150182-2001 06/08/2019 1 40.76 06/08/2019 Online material